| 000 | 00495nam a2200193 a 4500 | ||
|---|---|---|---|
| 005 | 20140414132029.0 | ||
| 008 | 040603s19uu xx 00 eng d | ||
| 020 | _a0-8136-3947-6 | ||
| 050 |
_aTR _bN59 1987 |
||
| 100 | _aTanner, Jane | ||
| 245 |
_aNiki's walk / _cJane Tanner. |
||
| 260 |
_a[s.l.] : _bModern Curriculum Press, _c1987. |
||
| 300 | _a1 v. : ill. ; cm. | ||
| 500 | _aTR/PS | ||
| 650 | _aPicture book without words. | ||
| 999 |
_c113601 _d113601 |
||